| 000 | 00764nam a2200169 i 4500 | ||
|---|---|---|---|
| 001 | 189370 | ||
| 003 | ES-MaACL | ||
| 005 | 20250815111110.0 | ||
| 008 | 190527s1876 sp |||| | eng d | ||
| 100 | 1 |
_aMac-Pherson, J. ( _d1839-1902) _975045 |
|
| 245 | 1 | 0 |
_aOn the origin of the serpentine of the Ronda mountains / _cby J. Macpherson. |
| 260 |
_aMadrid : _b[s.n.], _c1876 ( _fT. Fortanet) |
||
| 300 |
_a20 p., [2] h. de lám. ; _c23 cm. |
||
| 650 | 7 |
_aGeología- _zRonda (España, Sierra) _2 _9167125 |
|
| 852 |
_aES-MaACL _jB-8927(4) _z.- Legado de Federico de Botella y de Hornos _z.- Encuadernado en un vol. facticio agrupado con el nombre en el lomo: España, geología, memorias y documentos varios 41 al 56 _z.- Ded. ms. del autor |
||
| 999 |
_c189370 _d189370 |
||